LDR 01050naa#a2200181#i#450# 001 RU\\bibl\122113 005 20260516040824.6 011 ## _a1998-6785 100 ## _a20230621b2023####ek#y0rusy0150####ca 102 ## _aRU 200 1# _aИнституционализация аналитических центров Вьетнама и их роль в публичной политике. Часть 1 _eЖурнальная статья 210 1# _aВладивосток _cФедеральное государственное бюджетное образовательное учреждение высшего образования "Владивостокский государственный университет" _d2023 215 ## _a13 с. 608 ## _aЖурнальная статья _2local 675 ## _aОрганизация исследования. Процесс исследования. 303.8 _z 700 #1 _aВойтов _gСемен Алексеевич 700 #1 _aЖурбей _gЕвгений Викторович 856 4# _aojkum.editorum.ru _u